000 00531nam a22001697a 4500
003 OSt
005 20230222024628.0
008 170425b xxu||||| |||| 00| 0 eng d
020 _a1566700450
040 _aMMU
_beng.
_cMMU
_dMMU
050 _aSB317.H45H47 1996
245 _aHerbicide-resistant crops:
_bagricultural, environmental, economic, regulatory, and technical aspects/
_cedited by Stephen O. Duke.
260 _aNew York:
_bLewis Publishers,
_c1996.
300 _a420p.;
650 _aagricultuer.
942 _2lcc
_cLOAN LOAN
999 _c27158
_d27157